Losowe Pytania Geograficzne #2 (średnie) - Statystyki

Ogólne statystyki
  • Ten quiz został rozwiązany 103 razy
  • Średni wynik to 4 z 5
Statystyki odpowiedzi
Pytanie Odpowiedź % Poprawnych
Ile powstało państwpo rozpadzie Jugosławii? 7
96%
Największe państwo Ameryki Płd. Brazylia
96%
Chrzest Polski (rok) 966
94%
Ile państw należy do UE? 27
82%
Stolica Tajlandii Bangkok
71%
Nie znaleziono quizów pasujących do podanych kryteriów
Rozkład punktacji
Procent ludzi z każdym wynikiem
Percentyl według liczby udzielonych odpowiedzi
Twoja historia wyników
Nie rozwiązałeś tego quizu